|
|
|
|
| LEADER |
01449nam a2200361 a 4500 |
| 001 |
38020 |
| 003 |
BD-DhAAL |
| 005 |
20220310115527.0 |
| 008 |
220310t1997 bg l 000 0 eng d |
| 999 |
|
|
|c 43736
|d 43736
|
| 010 |
|
|
|a 99947343
|
| 025 |
|
|
|a B-E-99-947343; 022
|
| 035 |
|
|
|a (DLC) 99947343
|
| 037 |
|
|
|b Library of Congress -- New Delhi Field Office
|c Tk200.00
|
| 040 |
|
|
|a DLC
|c DLC
|d DLC
|d BD-DhAAL
|
| 041 |
0 |
|
|a engben
|
| 042 |
|
|
|a lcode
|
| 043 |
|
|
|a a-bg---
|
| 050 |
0 |
0 |
|a KNG2300
|b .A28 1997
|
| 082 |
0 |
0 |
|a 342.549207
|2 21
|
| 110 |
1 |
|
|a Bangladesh.
|9 46736
|
| 245 |
1 |
4 |
|a The union parishad and parliamentary election laws and rules in Bangladesh :
|b updated with latest amendments and exhaustive decisions /
|c compiled by Alimuzzaman Choudhury.
|
| 250 |
|
|
|a First edition
|
| 260 |
|
|
|a Dhaka :
|b Bangladesh Law Book Co. :
|b Sole distributors, New Warsi Book Corp.,
|c 1997.
|
| 300 |
|
|
|a 322 pages ;
|c 22 cm.
|
| 541 |
|
|
|a Donated By Akbar Ali Khan
|e 38020
|
| 546 |
|
|
|a English and Bengali.
|
| 650 |
|
0 |
|a Local government
|x Law and legislation
|z Bangladesh.
|9 46737
|
| 650 |
|
0 |
|a Local elections
|z Bangladesh.
|9 46738
|
| 700 |
1 |
|
|a Choudhury, Alimuzzaman,
|d 1938-
|9 46739
|
| 852 |
|
|
|a Ayesha Abed Library
|c Akbar Ali Khan Collection
|
| 942 |
|
|
|2 ddc
|c BK
|
| 952 |
|
|
|0 0
|1 0
|2 ddc
|4 0
|6 342_549207000000000_UNI
|7 1
|9 70083
|a BRACUL
|b BRACUL
|c AAKC
|d 2022-03-10
|e Donated by Akbar Ali Khan
|l 0
|o 342.549207 UNI
|p 3010038020
|r 2022-03-10
|t 1
|w 2022-03-10
|y BK
|